00408cam a22001337a 4500008004000000082001400040245009200054260002800146300001000174650002400184650003000208700001700238700001900255180718b1989 xxu||||| |||| 00| 0 eng d aU2x4 H191 aCapitalism, culture, and economic regulationcedited by Leigh Hancher and Michael Moran aOxfordbClarendonc1989 a314p. aCapitalism - Europe aTrade regulation - Europe aMoran, Moran aHancher, Leigh